Contribución al conocimiento de la taxonomía y del modo reproductivo del pasto llorón Eragrostis curvula (Scharad.) Nees /
Guardado en:
| Otros Autores: | , |
|---|---|
| Formato: | Manuscrito |
| Idioma: | Spanish |
| Publicado: |
2009.
|
| Materias: | |
| Acceso en línea: | Texto completo |
| Etiquetas: |
Agregar Etiqueta
Sin Etiquetas, Sea el primero en etiquetar este registro!
|
| LEADER | 01214ntm a22002775a 4500 | ||
|---|---|---|---|
| 001 | EEA.libagro009343 | ||
| 005 | 20150824102103.0 | ||
| 008 | 100917s2009####ag#######bm###000#0#spa#d | ||
| 082 | 0 | 4 | |a 040 |2 15 |
| 100 | 1 | |a Zappacosta, Diego Carlos. |4 dis | |
| 245 | 1 | 0 | |a Contribución al conocimiento de la taxonomía y del modo reproductivo del pasto llorón Eragrostis curvula (Scharad.) Nees / |c Diego Carlos Zappacosta. |
| 260 | |c 2009. | ||
| 300 | |a xiii, 160 h. : |b il. (principalmente col.) ; |c 30 cm. | ||
| 500 | |a "Tesis de Doctorado en Agronomía". | ||
| 500 | |a Director de tesis: Viviana Echenique. | ||
| 502 | |a Tesis (doctoral)--Universidad Nacional del Sur. Departamento de Agronomía, 2009. | ||
| 504 | |a Incluye referencias bibliográficas (p. 137-151). | ||
| 530 | |a Disponible también en formato digital. | ||
| 650 | 7 | |a Genética. |2 unbist | |
| 650 | 7 | |a Botánica. |2 unbist | |
| 650 | 7 | |a Pastizales. |2 unbist | |
| 653 | |a Taxonomía. | ||
| 700 | 1 | |a Echenique, Viviana. |4 ths | |
| 710 | 2 | |a Universidad Nacional del Sur. |b Departamento de Agronomía. |4 dgg. | |
| 856 | |u http://repositoriodigital.uns.edu.ar/handle/123456789/2084 |3 Texto completo | ||
| 859 | |a AR-BbBCA |b BIB. AGRONOMIA |h 040 |i B148 2009-990z |p 121678/010 | ||
